Netreba mať ilúzie veštec a spisovateľ Peter Pišťanek pre Pravdu

Podrobná bibliografia
Hlavní autori: Pálková, Sylvia (ain), Pišťanek, Peter, 1960-2015 (Autor, uin)
Médium: Článok
Jazyk:slovenčina
Fyzický popis:Fotogr.
ISSN:1335-4051
Predmet:

MARC

LEADER 00000nab a2200000 a 4500
001 vtls000705333
003 SK-MaSNL
005 20260303174108.0
008 160314c1999 xo 0 slo
015 |a SNBRB1999/10-24769 
035 |a CLN000057500 
040 |a SNKBUCL  |b slo  |c SNKBUCL  |e AACR2 
041 0 |a slo 
044 |a xo  |c SK 
080 |a 82:929:885.4  |2 UDC-MRF-SK2 
080 |a 885.4:929  |2 UDC-MRF-SK2 
100 1 |a Pálková, Sylvia  |4 ain  |9 839489 
245 1 0 |a Netreba mať ilúzie  |b veštec a spisovateľ Peter Pišťanek pre Pravdu  |c [zhovárala sa] Sylvia Pálková 
300 |b Fotogr. 
600 1 7 |a Pišťanek, Peter,  |d 1960-2015  |2 snkbucl  |9 100420 
700 1 |a Pišťanek, Peter,  |d 1960-2015  |4 aut  |4 uin  |9 100420 
773 0 |x 1335-4051  |t Pravda  |g Roč. 9, č. 251 (30.10.1999), s. 1 a 6 
850 |a Slovenská národná knižnica v Martine 
852 |a SNK  |b KIS3GCP 
958 |a LX 
958 |a SK 
958 |a RBX 
999 |c 2095205  |d 2097135